000
00364nam a2200157Ia 4500
008
151213s9999 xx 000 0 und d
100
_a
C.Skaetches
245
_a
The Arms & the man
_c
C.Skaetches
250
_a
1st
260
_a
U.S.A
_b
C.K.Hillen
_c
1959
300
_a
2507 p.
650
_a
English
650
_a
English
700
_a
C.Skaetches
999
_c
1710
_d
1710